| 000 | 00489cam a2200193ua 4500 | ||
|---|---|---|---|
| 020 | _c2.50 | ||
| 041 |
_aeng _h |
||
| 082 |
_a923.6 _bSRI/AN |
||
| 100 | _aSri Prakasa, . | ||
| 245 |
_aAnnie Besant / _cSri Prakasa. _hTextual Documents |
||
| 260 |
_aMumbai : _bBharatiya Vidya Bhavan , _c1954. |
||
| 300 | _a ; . | ||
| 365 | _a2.50 | ||
| 440 | 0 |
_aBhavans Book University, _v _x; |
|
| 490 | 0 |
_aBhavans Book University, _v _x; |
|
| 504 | _a | ||
| 942 | _cBK | ||
| 999 |
_c6001 _d6001 |
||